| 000 | 03627nam0a2200469 4500 | ||
|---|---|---|---|
| 001 | RU\NLR\BIBL_A\011627579 | ||
| 005 | 20250626101539.0 | ||
| 020 |
_aRU _b11845 _9Сводный каталог листовок первых лет Советской власти (25 октября (7 ноября) 1917 - 1925) Т.4 (Ч.3). Листовки советских, партийных, профсоюзных, комсомольских и других организаций губерний РСФСР |
||
| 035 | _a(NLR Aleph) 011627579 | ||
| 090 |
_a11015999 _c11015999 |
||
| 100 | _a20180213d1920 |||y0rusy50 ca | ||
| 101 | 0 | _arus | |
| 102 | _aRU | ||
| 105 | _ay z 000zy | ||
| 135 | _acrcn 024anaba | ||
| 200 | 1 |
_aОбъявление. "Отдел управления... на основании постановления Совета труда и обороны от 16-го апр. с. г..." _e[листовка _fОсташковский уезд. исполнительный комитет Советов] |
|
| 210 |
_aОсташков _cГос. тип. _d[1920, апр.] |
||
| 215 |
_a1 с. _d30х18 |
||
| 300 | _aПодписи: заведывающий Отделом управления Акимов; комиссар Осташковского участка ТЧК Комаров; начальник Морской и речной милиции 2-го участка Отделения Рыбинского района Е. Карпов и др. | ||
| 316 |
_aНа экз. штамп: РПБ 1920 _5NLR |
||
| 325 | _aКопия доступна в Электрон. б-ке РНБ | ||
| 327 | 1 | _aО правилах перевозки пассажиров на водном транспорте | |
| 517 | 1 | _aОтдел управления... на основании постановления Совета труда и обороны от 16-го апр. с. г... | |
| 540 | 1 | _aО правилах перевозки пассажиров на водном транспорте | |
| 607 |
_aРСФСР _jЛистовки _xПолитика и управление _y1917 - 1925 _92312782 _3RU\NLR\auth\6601609564 |
||
| 686 | 0 | _aТ3(2)71-313,011 | |
| 686 | 0 | _aТ3(2Р-8Тв)712-2,011 | |
| 702 | 1 |
_aАкимов _cучастник установления советской власти, г. Осташков _cзав. Отделом управления Осташковского уездного исполнительного комитета Советов _4720 |
|
| 702 | 1 |
_aКомаров _cучастник установления советской власти, г. Осташков _cкомиссар Осташковского участка ТЧК _4720 |
|
| 702 | 1 |
_aКарпов _bЕ. _cучастник установления советской власти, г. Осташков _cначальник Морской и речной милиции 2-го участка Отделения Рыбинского района _4720 |
|
| 710 | 0 | 2 |
_aОсташковский уездный отдел управления _9594506 _3RU\NLR\AUTH\880466155 |
| 712 | 0 | 2 |
_4570 _aОсташковский уездный исполнительный комитет Советов _9455263 _3RU\NLR\AUTH\880394567 |
| 852 | 0 | 0 |
_aNLR _bФЛ _j55/75 |
| 942 | _cBOOK | ||
| 980 | _aNB | ||
| 981 | 2 | 1 |
_a(21) Листовки _b(21) Листовки 1920 года |